000 01178cam a22002531i 4500
003 SA_RiAUC
005 20241009084341.0
008 241006s2010____su g b 000 0dara c
040 _aSA-RiDKA
_bara
_cSA-RiAUC
_erda
082 0 4 _a012
090 _a012
_bا ب ن د
100 1 _aابن دهيش، هشام بن عبد الملك بن عبد الله
_eمؤلف.
245 1 0 _aأضواء على مؤلفات وتحقيقات معالي أ. د. عبد الملك بن عبد الله بن دهيش /
_cإعداد هشام بن عبد الملك بن عبد الله بن دهيش.
250 _aالطبعة الأولى.
264 1 _aمكة المكرمة :
_bهشام بن عبد الملك بن دهيش،
_c2010
264 3 _aجدة، السعودية :
_bمطبعة المدينة المنورة
300 _a180 صفحة ؛
_c24 سم
336 _aنص
_btxt
_2rdacontent
_3كتاب
337 _aبدون وسيط
_bn
_2rdamedia
338 _aمجلد
_bnc
_2rdacarrier
600 1 7 _aابن دهيش، عبد الملك بن عبد الله،
_d1360 هجري-
_vببليوجرافيات
_2aucnm
942 _2ddc
_cBOOK
_n0
949 _aSA-JeALM
_d241006
_umohamedma123
_n1
999 _c1066
_d1066